[Event "The Blackthorne Irish Championship 2019"]
[Site "Talbot Stillorgan Hotel, Dublin, Ireland"]
[Date "2019.08.09"]
[Round "7"]
[Board "6"]
[White "Ryan, Joe"]
[Black "Kanyamarala, Tarun"]
[Result "1-0"]
[WhiteElo "2268"]
[BlackElo "2142"]
[PlyCount "0"]
[EventDate "2019.08.03"]
[EventRounds "9"]
[EventCountry "IRL"]

1. Nf3 {[%clk 01:41:18]} {[%emt 00:04:42]} d5 {[%clk 01:44:31]} {[%emt
00:01:30]} 2. c4 {[%clk 01:40:39]} {[%emt 00:01:09]} e6 {[%clk 01:43:24]}
{[%emt 00:01:37]} 3. e3 {[%clk 01:39:36]} {[%emt 00:01:32]} Nf6 {[%clk
01:43:43]} {[%emt 00:00:11]} 4. b3 {[%clk 01:39:58]} {[%emt 00:00:08]} b6
{[%clk 01:44:05]} {[%emt 00:00:08]} 5. Bb2 {[%clk 01:38:37]} {[%emt 00:01:50]}
Bb7 {[%clk 01:44:24]} {[%emt 00:00:11]} 6. Nc3 {[%clk 01:37:43]} {[%emt
00:01:24]} Nbd7 {[%clk 01:44:39]} {[%emt 00:00:16]} 7. g3 {[%clk 01:34:17]}
{[%emt 00:03:54]} dxc4 {[%clk 01:35:17]} {[%emt 00:09:53]} 8. bxc4 {[%clk
01:31:02]} {[%emt 00:03:45]} c5 {[%clk 01:30:20]} {[%emt 00:05:27]} 9. Bg2
{[%clk 01:28:51]} {[%emt 00:02:40]} Be7 {[%clk 01:18:09]} {[%emt 00:12:43]} 10.
O-O {[%clk 01:28:15]} {[%emt 00:01:05]} O-O {[%clk 01:18:21]} {[%emt 00:00:18]}
11. d3 {[%clk 01:26:01]} {[%emt 00:02:44]} Nb8 {[%clk 01:16:47]} {[%emt
00:02:06]} 12. Qe2 {[%clk 01:21:57]} {[%emt 00:04:32]} Nc6 {[%clk 01:17:10]}
{[%emt 00:00:08]} 13. Rfd1 {[%clk 01:21:40]} {[%emt 00:00:46]} Qc7 {[%clk
01:16:09]} {[%emt 00:01:32]} 14. Ne1 {[%clk 01:20:43]} {[%emt 00:01:25]} Rfe8
{[%clk 01:09:12]} {[%emt 00:07:29]} 15. f4 {[%clk 01:20:23]} {[%emt 00:00:48]}
Bf8 {[%clk 01:07:51]} {[%emt 00:01:53]} 16. g4 {[%clk 01:16:06]} {[%emt
00:04:46]} Na5 {[%clk 01:02:55]} {[%emt 00:05:27]} 17. g5 {[%clk 01:15:45]}
{[%emt 00:00:50]} Nd7 {[%clk 01:02:50]} {[%emt 00:00:35]} 18. h4 {[%clk
01:12:52]} {[%emt 00:03:22]} e5 {[%clk 00:57:54]} {[%emt 00:05:28]} 19. Nd5
{[%clk 01:05:08]} {[%emt 00:08:13]} Bxd5 {[%clk 00:57:48]} {[%emt 00:00:36]} 20.
Bxd5 {[%clk 01:05:27]} exf4 {[%clk 00:58:05]} {[%emt 00:00:24]} 21. Bxa8 {[%clk
01:03:44]} {[%emt 00:02:13]} Rxa8 {[%clk 00:58:31]} {[%emt 00:00:05]} 22. Qf3
{[%clk 01:02:23]} {[%emt 00:01:49]} Nc6 {[%clk 00:56:32]} {[%emt 00:02:30]} 23.
exf4 {[%clk 01:02:04]} {[%emt 00:00:47]} g6 {[%clk 00:56:53]} {[%emt 00:00:12]}
24. Ng2 {[%clk 01:01:28]} {[%emt 00:01:04]} Bg7 {[%clk 00:57:21]} {[%emt
00:00:04]} 25. Bxg7 {[%clk 01:01:26]} {[%emt 00:00:31]} Kxg7 {[%clk 00:57:48]}
{[%emt 00:00:03]} 26. Ne3 {[%clk 01:00:51]} {[%emt 00:01:04]} Rf8 {[%clk
00:57:32]} {[%emt 00:00:47]} 27. Nd5 {[%clk 01:01:05]} {[%emt 00:00:16]} Qd6
{[%clk 00:57:59]} {[%emt 00:00:04]} 28. Re1 {[%clk 00:58:06]} {[%emt 00:03:28]}
Nd4 {[%clk 00:58:22]} {[%emt 00:00:08]} 29. Qf2 {[%clk 00:54:45]} {[%emt
00:03:47]} Nf5 {[%clk 00:58:20]} {[%emt 00:00:36]} 30. Re4 {[%clk 00:51:52]}
{[%emt 00:03:22]} f6 {[%clk 00:58:45]} {[%emt 00:00:07]} 31. Rae1 {[%clk
00:51:37]} {[%emt 00:00:44]} b5 {[%clk 00:58:57]} {[%emt 00:00:19]} 32. Re6
{[%clk 00:50:56]} {[%emt 00:01:09]} Qb8 {[%clk 00:59:24]} {[%emt 00:00:05]} 33.
gxf6+ {[%clk 00:44:04]} {[%emt 00:07:21]} Nxf6 {[%clk 00:59:50]} {[%emt
00:00:05]} 34. Nxf6 {[%clk 00:43:25]} {[%emt 00:01:09]} Rxf6 {[%clk 01:00:13]}
{[%emt 00:00:07]} 35. Rxf6 {[%clk 00:43:21]} {[%emt 00:00:34]} Kxf6 {[%clk
01:00:39]} {[%emt 00:00:04]} 36. Qxc5 {[%clk 00:43:28]} {[%emt 00:00:22]} Qxf4
{[%clk 01:01:03]} {[%emt 00:00:07]} 37. Qf8# {[%clk 00:43:47]} {[%emt
00:00:10]}  1-0

[Event "The Blackthorne Irish Championship 2019"]
[Site "Talbot Stillorgan Hotel, Dublin, Ireland"]
[Date "2019.08.09"]
[Round "7"]
[Board "7"]
[White "Murray, David"]
[Black "Delaney, Killian"]
[Result "1/2-1/2"]
[WhiteElo "2126"]
[BlackElo "2247"]
[PlyCount "0"]
[EventDate "2019.08.03"]
[EventRounds "9"]
[EventCountry "IRL"]

1. e4 {[%clk 01:44:40]} {[%emt 00:01:20]} c6 {[%clk 01:38:33]} {[%emt
00:07:28]} 2. d4 {[%clk 01:45:00]} {[%emt 00:00:10]} d5 {[%clk 01:38:57]}
{[%emt 00:00:06]} 3. Nd2 {[%clk 01:45:18]} {[%emt 00:00:12]} dxe4 {[%clk
01:39:19]} {[%emt 00:00:08]} 4. Nxe4 {[%clk 01:45:42]} {[%emt 00:00:07]} Nf6
{[%clk 01:39:45]} {[%emt 00:00:04]} 5. Nxf6+ {[%clk 01:45:59]} {[%emt
00:00:13]} exf6 {[%clk 01:40:10]} {[%emt 00:00:05]} 6. c3 {[%clk 01:45:08]}
{[%emt 00:01:21]} Bd6 {[%clk 01:40:34]} {[%emt 00:00:06]} 7. Bd3 {[%clk
01:44:59]} {[%emt 00:00:39]} O-O {[%clk 01:40:55]} {[%emt 00:00:08]} 8. Qc2
{[%clk 01:43:09]} {[%emt 00:02:22]} Re8+ {[%clk 01:40:35]} {[%emt 00:00:50]} 9.
Ne2 {[%clk 01:42:08]} {[%emt 00:01:31]} h5 {[%clk 01:40:57]} {[%emt 00:00:07]}
10. Be3 {[%clk 01:33:29]} {[%emt 00:09:09]} Nd7 {[%clk 01:40:50]} {[%emt
00:00:38]} 11. O-O-O {[%clk 01:31:50]} {[%emt 00:02:10]} Nf8 {[%clk 01:41:09]}
{[%emt 00:00:11]} 12. Qd2 {[%clk 01:27:57]} {[%emt 00:04:23]} b5 {[%clk
01:35:39]} {[%emt 00:06:00]} 13. Ng3 {[%clk 01:25:31]} {[%emt 00:02:56]} g6
{[%clk 01:33:40]} {[%emt 00:02:29]} 14. Bf4 {[%clk 01:18:03]} {[%emt 00:07:59]}
f5 {[%clk 01:28:07]} {[%emt 00:06:01]} 15. Bxd6 {[%clk 01:15:30]} {[%emt
00:03:04]} Qxd6 {[%clk 01:28:29]} {[%emt 00:00:07]} 16. Qh6 {[%clk 01:10:17]}
{[%emt 00:05:43]} Qd5 {[%clk 01:16:19]} {[%emt 00:12:40]} 17. Rhe1 {[%clk
01:03:22]} {[%emt 00:07:25]} Bd7 {[%clk 01:16:08]} {[%emt 00:00:41]} 18. Kb1
{[%clk 00:40:01]} {[%emt 00:23:51]} Rxe1 {[%clk 01:00:21]} {[%emt 00:16:17]} 19.
Rxe1 {[%clk 00:40:24]} {[%emt 00:00:07]} Qxg2 {[%clk 01:00:45]} {[%emt
00:00:05]} 20. Qf4 {[%clk 00:32:52]} {[%emt 00:08:03]} Re8 {[%clk 01:00:08]}
{[%emt 00:01:07]} 21. Rxe8 {[%clk 00:32:22]} {[%emt 00:01:00]} Bxe8 {[%clk
01:00:27]} {[%emt 00:00:11]} 22. Ne2 {[%clk 00:28:53]} {[%emt 00:04:00]} Bd7
{[%clk 01:00:26]} {[%emt 00:00:30]} 23. Nc1 {[%clk 00:27:11]} {[%emt 00:02:12]}
Be6 {[%clk 00:59:53]} {[%emt 00:01:02]} 24. Qg3 {[%clk 00:24:19]} {[%emt
00:03:23]} Bd5 {[%clk 00:56:32]} {[%emt 00:03:51]} 25. Kc2 {[%clk 00:22:50]}
{[%emt 00:01:59]} Ne6 {[%clk 00:56:33]} {[%emt 00:00:28]} 26. Kd2 {[%clk
00:21:56]} {[%emt 00:01:25]} Qxg3 {[%clk 00:53:54]} {[%emt 00:03:09]} 27. hxg3
{[%clk 00:21:22]} {[%emt 00:01:04]} f4 {[%clk 00:54:08]} {[%emt 00:00:16]} 28.
b3 {[%clk 00:21:13]} {[%emt 00:00:39]} fxg3 {[%clk 00:54:27]} {[%emt 00:00:11]}
29. fxg3 {[%clk 00:21:34]} {[%emt 00:00:08]} g5 {[%clk 00:54:27]} {[%emt
00:00:29]} 30. Ke3 {[%clk 00:19:38]} {[%emt 00:02:27]} h4 {[%clk 00:53:07]}
{[%emt 00:01:50]} 31. gxh4 {[%clk 00:19:33]} {[%emt 00:00:35]} gxh4 {[%clk
00:53:32]} {[%emt 00:00:05]} 32. Kf2 {[%clk 00:18:42]} {[%emt 00:01:21]} Nf4
{[%clk 00:50:04]} {[%emt 00:03:57]} 33. Bf5 {[%clk 00:15:21]} {[%emt 00:03:50]}
Kg7 {[%clk 00:49:48]} {[%emt 00:00:47]} 34. Nd3 {[%clk 00:14:03]} {[%emt
00:01:49]} Kf6 {[%clk 00:49:48]} {[%emt 00:00:28]} 35. Bh7 {[%clk 00:12:17]}
{[%emt 00:02:16]} Nxd3+ {[%clk 00:47:58]} {[%emt 00:02:20]} 36. Bxd3 {[%clk
00:12:42]} {[%emt 00:00:06]} Kg5 {[%clk 00:48:22]} {[%emt 00:00:06]} 37. c4
{[%clk 00:11:54]} {[%emt 00:01:18]} bxc4 {[%clk 00:48:47]} {[%emt 00:00:04]} 38.
bxc4 {[%clk 00:12:18]} {[%emt 00:00:07]} Bh1 {[%clk 00:48:53]} {[%emt
00:00:23]} 39. Kg1 {[%clk 00:08:55]} {[%emt 00:03:53]} Bf3 {[%clk 00:47:22]}
{[%emt 00:02:01]} 40. Kf2 {[%clk 00:09:02]} {[%emt 00:00:23]} Kf4 {[%clk
00:47:18]} {[%emt 00:00:34]} 41. Bf1 {[%clk 00:08:42]} {[%emt 00:00:51]} Be4
{[%clk 00:47:19]} {[%emt 00:00:28]} 42. a3 {[%clk 00:07:09]} {[%emt 00:02:04]}
a5 {[%clk 00:47:18]} {[%emt 00:00:31]} 43. Bh3 {[%clk 00:06:56]} {[%emt
00:00:43]} f6 {[%clk 00:46:38]} {[%emt 00:01:11]} 44. Bf1 {[%clk 00:06:04]}
{[%emt 00:01:22]} f5 {[%clk 00:46:51]} {[%emt 00:00:17]} 45. Bh3 {[%clk
00:05:38]} {[%emt 00:00:56]} Bd3 {[%clk 00:46:38]} {[%emt 00:00:43]} 46. Bg2
{[%clk 00:26:46]} {[%emt 00:09:23]} Bxc4 {[%clk 01:16:46]} {[%emt 00:00:21]} 47.
Bxc6 {[%clk 00:27:00]} {[%emt 00:00:16]} h3 {[%clk 01:17:09]} {[%emt 00:00:07]}
48. Bf3 {[%clk 00:23:12]} {[%emt 00:04:17]} a4 {[%clk 01:15:33]} {[%emt
00:02:06]} 49. Bb7 {[%clk 00:08:22]} {[%emt 00:15:21]} Bd3 {[%clk 01:14:11]}
{[%emt 00:01:51]} 50. d5 {[%clk 00:08:07]} {[%emt 00:00:45]} Ke5 {[%clk
01:10:18]} {[%emt 00:04:23]} 51. Kg3 {[%clk 00:06:02]} {[%emt 00:02:36]} Be4
{[%clk 01:08:02]} {[%emt 00:02:46]} 52. Kxh3 {[%clk 00:03:46]} {[%emt
00:02:46]} Bxd5 {[%clk 01:08:26]} {[%emt 00:00:06]} 53. Bc8 {[%clk 00:03:21]}
{[%emt 00:00:55]} Kf4 {[%clk 01:08:17]} {[%emt 00:00:38]} 54. Bd7 {[%clk
00:03:30]} {[%emt 00:00:22]} Bb3 {[%clk 01:08:39]} {[%emt 00:00:08]} 55. Kg2
{[%clk 00:03:20]} {[%emt 00:00:40]} Ke4 {[%clk 01:08:07]} {[%emt 00:01:01]} 56.
Kf2 {[%clk 00:03:03]} {[%emt 00:00:48]} f4 {[%clk 01:08:06]} {[%emt 00:00:31]}
57. Be8 {[%clk 00:02:17]} {[%emt 00:01:16]} Ke5 {[%clk 01:07:28]} {[%emt
00:01:08]} 58. Kf3 {[%clk 00:02:22]} {[%emt 00:00:24]} Bd1+ {[%clk 01:07:50]}
{[%emt 00:00:08]} 59. Kf2 {[%clk 00:02:41]} {[%emt 00:00:11]} Ke4 {[%clk
01:07:30]} {[%emt 00:00:49]} 60. Bc6+ {[%clk 00:02:45]} {[%emt 00:00:27]} Kd4
{[%clk 01:07:50]} {[%emt 00:00:10]} 61. Be8 {[%clk 00:02:54]} {[%emt 00:00:21]}
Kc3 {[%clk 01:06:57]} {[%emt 00:01:23]} 62. Bxa4 {[%clk 00:03:06]} {[%emt
00:00:18]} Bxa4 {[%clk 01:07:25]} {[%emt 00:00:03]} 63. Kf3 {[%clk 00:03:32]}
{[%emt 00:00:05]} Kb3 {[%clk 01:07:54]} {[%emt 00:00:01]} 64. Kxf4 {[%clk
00:03:56]} {[%emt 00:00:05]} Kxa3 {[%clk 01:08:23]} {[%emt 00:00:15]}  1/2-1/2

[Event "The Blackthorne Irish Championship 2019"]
[Site "Talbot Stillorgan Hotel, Dublin, Ireland"]
[Date "2019.08.09"]
[Round "7"]
[Board "9"]
[White "Kanyamarala, Trisha"]
[Black "O'Connell, Gerard"]
[Result "1-0"]
[WhiteElo "2238"]
[BlackElo "2106"]
[PlyCount "0"]
[EventDate "2019.08.03"]
[EventRounds "9"]
[EventCountry "IRL"]

1. d4 {[%clk 01:45:51]} {[%emt 00:00:08]} Nf6 {[%clk 01:45:55]} {[%emt
00:00:06]} 2. c4 {[%clk 01:46:13]} {[%emt 00:00:07]} g6 {[%clk 01:46:19]}
{[%emt 00:00:05]} 3. f3 {[%clk 01:46:34]} {[%emt 00:00:10]} d5 {[%clk
01:46:38]} {[%emt 00:00:11]} 4. cxd5 {[%clk 01:46:56]} {[%emt 00:00:07]} Nxd5
{[%clk 01:47:04]} {[%emt 00:00:05]} 5. e4 {[%clk 01:47:05]} {[%emt 00:00:21]}
Nb6 {[%clk 01:47:28]} {[%emt 00:00:05]} 6. Nc3 {[%clk 01:47:07]} {[%emt
00:00:28]} Bg7 {[%clk 01:47:50]} {[%emt 00:00:08]} 7. Be3 {[%clk 01:47:27]}
{[%emt 00:00:10]} O-O {[%clk 01:47:52]} {[%emt 00:00:29]} 8. Qd2 {[%clk
01:47:24]} {[%emt 00:00:33]} Nc6 {[%clk 01:48:03]} {[%emt 00:00:19]} 9. O-O-O
{[%clk 01:47:02]} {[%emt 00:00:51]} Qd6 {[%clk 01:47:31]} {[%emt 00:01:03]} 10.
Nb5 {[%clk 01:37:40]} {[%emt 00:09:52]} Qd7 {[%clk 01:43:57]} {[%emt 00:04:04]}
11. Bh6 {[%clk 01:29:06]} {[%emt 00:09:03]} a6 {[%clk 01:42:33]} {[%emt
00:01:55]} 12. Nc3 {[%clk 01:28:16]} {[%emt 00:01:19]} Qxd4 {[%clk 01:38:26]}
{[%emt 00:04:37]} 13. Qf4 {[%clk 01:23:45]} {[%emt 00:05:01]} Qe5 {[%clk
01:33:51]} {[%emt 00:05:06]} 14. Qe3 {[%clk 01:21:31]} {[%emt 00:02:42]} Bxh6
{[%clk 01:30:23]} {[%emt 00:04:01]} 15. Qxh6 {[%clk 01:21:55]} {[%emt
00:00:06]} Be6 {[%clk 01:28:50]} {[%emt 00:02:04]} 16. f4 {[%clk 01:17:58]}
{[%emt 00:04:27]} Qg7 {[%clk 01:22:22]} {[%emt 00:06:58]} 17. Qg5 {[%clk
01:12:56]} {[%emt 00:05:31]} Rad8 {[%clk 01:20:39]} {[%emt 00:02:14]} 18. Rxd8
{[%clk 01:10:16]} {[%emt 00:03:10]} Rxd8 {[%clk 01:20:47]} {[%emt 00:00:22]} 19.
Nf3 {[%clk 01:10:18]} {[%emt 00:00:27]} Nd4 {[%clk 01:15:38]} {[%emt 00:05:39]}
20. Qxe7 {[%clk 01:03:49]} {[%emt 00:06:59]} Nxf3 {[%clk 01:16:00]} {[%emt
00:00:07]} 21. Qxd8+ {[%clk 01:04:07]} {[%emt 00:00:13]}  1-0

[Event "The Blackthorne Irish Championship 2019"]
[Site "Talbot Stillorgan Hotel, Dublin, Ireland"]
[Date "2019.08.10"]
[Round "8"]
[Board "1"]
[White "Collins, Sam E."]
[Black "Murphy, Conor E."]
[Result "0-1"]
[WhiteElo "2448"]
[BlackElo "2315"]
[PlyCount "0"]
[EventDate "2019.08.03"]
[EventRounds "9"]
[EventCountry "IRL"]

1. c4 {[%clk 01:45:53]} {[%emt 00:00:05]} e6 {[%clk 01:45:31]} {[%emt
00:00:28]} 2. g3 {[%clk 01:46:04]} {[%emt 00:00:20]} d5 {[%clk 01:45:45]}
{[%emt 00:00:16]} 3. Bg2 {[%clk 01:46:09]} {[%emt 00:00:25]} Nf6 {[%clk
01:45:44]} {[%emt 00:00:32]} 4. Nf3 {[%clk 01:46:25]} {[%emt 00:00:14]} Be7
{[%clk 01:46:07]} {[%emt 00:00:07]} 5. d4 {[%clk 01:46:22]} {[%emt 00:00:32]}
O-O {[%clk 01:46:29]} {[%emt 00:00:08]} 6. Qc2 {[%clk 01:46:07]} {[%emt
00:00:45]} c5 {[%clk 01:46:06]} {[%emt 00:00:53]} 7. O-O {[%clk 01:46:18]}
{[%emt 00:00:18]} cxd4 {[%clk 01:45:36]} {[%emt 00:01:02]} 8. Nxd4 {[%clk
01:46:25]} {[%emt 00:00:23]} Nc6 {[%clk 01:45:33]} {[%emt 00:00:32]} 9. Nxc6
{[%clk 01:46:29]} {[%emt 00:00:27]} bxc6 {[%clk 01:45:58]} {[%emt 00:00:04]} 10.
Rd1 {[%clk 01:46:35]} {[%emt 00:00:24]} Ba6 {[%clk 01:46:06]} {[%emt 00:00:23]}
11. b3 {[%clk 01:46:11]} {[%emt 00:00:54]} Qb6 {[%clk 01:46:09]} {[%emt
00:00:27]} 12. Be3 {[%clk 01:45:56]} {[%emt 00:00:44]} Bc5 {[%clk 01:46:28]}
{[%emt 00:00:11]} 13. Bxc5 {[%clk 01:46:12]} {[%emt 00:00:15]} Qxc5 {[%clk
01:46:53]} {[%emt 00:00:05]} 14. Nd2 {[%clk 01:46:24]} {[%emt 00:00:17]} Rfd8
{[%clk 01:46:30]} {[%emt 00:00:53]} 15. e3 {[%clk 01:46:13]} {[%emt 00:00:41]}
Rac8 {[%clk 01:44:41]} {[%emt 00:02:19]} 16. Rac1 {[%clk 01:40:50]} {[%emt
00:05:52]} h6 {[%clk 01:41:42]} {[%emt 00:03:29]} 17. Bf1 {[%clk 01:27:11]}
{[%emt 00:14:09]} Qe7 {[%clk 01:33:27]} {[%emt 00:08:45]} 18. a3 {[%clk
01:21:58]} {[%emt 00:05:43]} Ng4 {[%clk 01:00:59]} {[%emt 00:32:58]} 19. Qb2
{[%clk 01:18:37]} {[%emt 00:03:51]} Qg5 {[%clk 00:58:23]} {[%emt 00:03:06]} 20.
h3 {[%clk 01:02:34]} {[%emt 00:16:33]} Ne5 {[%clk 00:52:03]} {[%emt 00:06:51]}
21. Kg2 {[%clk 00:41:09]} {[%emt 00:21:55]} Qf5 {[%clk 00:50:53]} {[%emt
00:01:50]} 22. g4 {[%clk 00:27:05]} {[%emt 00:14:24]} Qf6 {[%clk 00:44:09]}
{[%emt 00:07:14]} 23. Qa1 {[%clk 00:26:17]} {[%emt 00:01:18]} dxc4 {[%clk
00:39:14]} {[%emt 00:05:25]} 24. Nxc4 {[%clk 00:26:12]} {[%emt 00:00:36]} Qf3+
{[%clk 00:36:40]} {[%emt 00:03:03]} 25. Kg1 {[%clk 00:26:25]} {[%emt 00:00:17]}
Nxc4 {[%clk 00:36:42]} {[%emt 00:00:29]} 26. bxc4 {[%clk 00:19:26]} {[%emt
00:07:29]} c5 {[%clk 00:35:29]} {[%emt 00:01:43]} 27. Bg2 {[%clk 00:18:59]}
{[%emt 00:00:57]} Qe2 {[%clk 00:35:05]} {[%emt 00:00:55]} 28. Bf1 {[%clk
00:17:33]} {[%emt 00:01:55]} Rxd1 {[%clk 00:31:53]} {[%emt 00:03:42]} 29. Rxd1
{[%clk 00:17:53]} {[%emt 00:00:11]} Qc2 {[%clk 00:32:12]} {[%emt 00:00:11]} 30.
Rc1 {[%clk 00:15:26]} {[%emt 00:02:57]} Qa4 {[%clk 00:31:38]} {[%emt 00:01:03]}
31. Qc3 {[%clk 00:15:30]} {[%emt 00:00:26]} Bb7 {[%clk 00:30:16]} {[%emt
00:01:52]} 32. Bg2 {[%clk 00:14:50]} {[%emt 00:01:10]} Bxg2 {[%clk 00:30:02]}
{[%emt 00:00:44]} 33. Kxg2 {[%clk 00:15:14]} {[%emt 00:00:06]} Qc6+ {[%clk
00:30:15]} {[%emt 00:00:17]} 34. Kg3 {[%clk 00:14:36]} {[%emt 00:01:08]} Rd8
{[%clk 00:27:52]} {[%emt 00:02:54]} 35. Qe5 {[%clk 00:12:43]} {[%emt 00:02:22]}
f6 {[%clk 00:26:52]} {[%emt 00:01:30]} 36. Qf4 {[%clk 00:12:21]} {[%emt
00:00:51]} Qb7 {[%clk 00:25:15]} {[%emt 00:02:08]} 37. Qf3 {[%clk 00:09:53]}
{[%emt 00:02:59]} Qb2 {[%clk 00:23:02]} {[%emt 00:02:43]} 38. Rd1 {[%clk
00:08:47]} {[%emt 00:01:35]} Qe5+ {[%clk 00:21:23]} {[%emt 00:02:09]} 39. Kg2
{[%clk 00:09:02]} {[%emt 00:00:15]} Rxd1 {[%clk 00:21:46]} {[%emt 00:00:07]} 40.
Qxd1 {[%clk 00:09:25]} {[%emt 00:00:07]} Qe4+ {[%clk 00:22:07]} {[%emt
00:00:09]} 41. Qf3 {[%clk 00:08:41]} {[%emt 00:01:13]} Qxc4 {[%clk 00:19:14]}
{[%emt 00:03:23]} 42. Qa8+ {[%clk 00:06:07]} {[%emt 00:03:05]} Kh7 {[%clk
00:19:14]} {[%emt 00:00:30]} 43. Qxa7 {[%clk 00:06:31]} {[%emt 00:00:06]} Qd5+
{[%clk 00:18:54]} {[%emt 00:00:49]} 44. Kg3 {[%clk 00:23:15]} {[%emt 00:13:46]}
c4 {[%clk 00:45:49]} {[%emt 00:03:35]} 45. Qc7 {[%clk 00:21:36]} {[%emt
00:02:10]} Qd3 {[%clk 00:35:12]} {[%emt 00:11:07]} 46. h4 {[%clk 00:20:44]}
{[%emt 00:01:21]} c3 {[%clk 00:34:29]} {[%emt 00:01:14]} 47. g5 {[%clk
00:20:34]} {[%emt 00:00:40]} fxg5 {[%clk 00:25:53]} {[%emt 00:09:06]} 48. hxg5
{[%clk 00:20:52]} {[%emt 00:00:12]} h5 {[%clk 00:25:41]} {[%emt 00:00:42]} 49.
Qc6 {[%clk 00:09:41]} {[%emt 00:11:41]} c2 {[%clk 00:22:22]} {[%emt 00:03:49]}
50. a4 {[%clk 00:09:45]} {[%emt 00:00:27]} Qf5 {[%clk 00:13:04]} {[%emt
00:09:47]} 51. f4 {[%clk 00:09:49]} {[%emt 00:00:24]} Qd3 {[%clk 00:12:18]}
{[%emt 00:01:17]} 52. Kh4 {[%clk 00:06:56]} {[%emt 00:03:24]} Qf5 {[%clk
00:11:11]} {[%emt 00:01:38]} 53. Kg3 {[%clk 00:07:14]} {[%emt 00:00:11]} e5
{[%clk 00:11:19]} {[%emt 00:00:22]} 54. Qc4 {[%clk 00:03:20]} {[%emt 00:04:25]}
exf4+ {[%clk 00:03:33]} {[%emt 00:08:16]} 55. exf4 {[%clk 00:03:47]} {[%emt
00:00:02]} Kg6 {[%clk 00:03:43]} {[%emt 00:00:20]} 56. Qc6+ {[%clk 00:03:15]}
{[%emt 00:01:02]} Kf7 {[%clk 00:04:06]} {[%emt 00:00:06]} 57. Qc7+ {[%clk
00:03:08]} {[%emt 00:00:37]} Ke8 {[%clk 00:04:19]} {[%emt 00:00:18]} 58. Qb8+
{[%clk 00:01:13]} {[%emt 00:02:25]} Kd7 {[%clk 00:04:43]} {[%emt 00:00:06]} 59.
Qb7+ {[%clk 00:01:28]} {[%emt 00:00:15]} Kd6 {[%clk 00:04:59]} {[%emt
00:00:13]} 60. Qb6+ {[%clk 00:00:44]} {[%emt 00:01:14]} Kd5 {[%clk 00:05:13]}
{[%emt 00:00:16]} 61. Qb5+ {[%clk 00:00:39]} {[%emt 00:00:36]} Ke4 {[%clk
00:05:31]} {[%emt 00:00:12]} 62. Qb4+ {[%clk 00:00:36]} {[%emt 00:00:33]} Ke3
{[%clk 00:05:05]} {[%emt 00:00:56]} 63. Qb6+ {[%clk 00:00:53]} {[%emt
00:00:13]} Kd2 {[%clk 00:04:21]} {[%emt 00:01:14]} 64. Qb4+ {[%clk 00:01:02]}
{[%emt 00:00:21]} Ke2 {[%clk 00:04:41]} {[%emt 00:00:10]} 65. Qe7+ {[%clk
00:01:11]} {[%emt 00:00:21]} Kf1 {[%clk 00:05:03]} {[%emt 00:00:07]} 66. Kf3
{[%clk 00:00:32]} {[%emt 00:01:09]} Qd3+ {[%clk 00:05:13]} {[%emt 00:00:20]} 67.
Qc5 {[%emt 00:00:30]}  0-1